Les plus grandes agglomérations des États-Unis - Statistiques

Statistiques générales
  • Ce quiz a été pris 306 fois
  • Le résultat moyen est 17 sur 20
Statistiques - réponses
Place Habitants Nom Etat % Correct
1. 18 351 295 Agglomération de New York–Newark New York, New Jersey, Connecticut, Pennsylvanie
100%
3. 8 608 208 Agglomération de Chicago Illinois, Indiana, Wisconsin
99%
2. 12 150 996 Agglomération de Los Angeles–Long Beach–Santa Ana Californie
99%
10. 4 181 019 Agglomération de Boston Massachusetts, New Hampshire, Rhode Island, Connecticut
97%
4. 5 502 379 Agglomération de Miami Floride
95%
13. 3 281 212 Agglomération de San Francisco–Oakland Californie
94%
6. 5 121 892 Agglomération de Dallas–Fort Worth–Arlington Texas
93%
7. 4 944 332 Agglomération de Houston Texas
93%
5. 5 441 567 Agglomération de Philadelphie Pennsylvanie, New Jersey, Delaware, Maryland
91%
8. 4 586 770 Agglomération de Washington District de Columbia, Virginie, Maryland
91%
14. 3 059 393 Agglomération de Seattle Washington
90%
9. 4 515 419 Agglomération de Atlanta Georgie
85%
18. 2 374 203 Agglomération de Denver–Aurora–Lakewood Colorado
84%
11. 3 734 090 Agglomération de Detroit Michigan
82%
12. 3 629 114 Agglomération de Phoenix–Mesa Arizona
79%
15. 2 956 746 Agglomération de San Diego Californie
79%
16. 2 650 890 Agglomération de Minneapolis–Saint Paul Minnesota
61%
20. 2 150 706 Agglomération de Saint Louis Missouri, Illinois
56%
19. 2 203 663 Agglomération de Baltimore Maryland
51%
17. 2 441 770 Agglomération de Tampa–Saint Petersburg Floride
39%
Aucun quiz correspondant
Distribution des résultats
% des personnes avec chaque résultat
Percentile par nombre de réponses
Votre historique - résultats
Vous n’avez pas pris ce quiz